[Event "feripe"]
[Site "http://www.queenalice.com/game.php?id=211408"]
[Date "2007.5.15"]
[Round "2"]
[White "combat"]
[Black "KobeB"]
[Result "0-1"]
[WhiteElo "1775"]
[BlackElo "1757"]

1. e4 e5 2. Nf3 Nc6 3. Bb5 a6 4. Ba4 b5 5. Bb3 Bc5 6. c3 Nf6 7. d3 d6 8. O-O Bg4
9. Bg5 h6 10. Be3 Bxe3 11. fxe3 O-O 12. Nbd2 a5 13. Bc2 a4 14. Qe1 Ne7 15. d4
Ng6 16. Bd1 Qd7 17. Kh1 Rae8 18. Nh4 Nxh4 19. Qxh4 exd4 20. Rxf6 Bxd1 21. Qg3
dxe3 22. Rxd1 exd2 23. Rxh6 Rxe4 24. Rh4 Re1+ 25. Rxe1 dxe1=Q+ 26. Qxe1 Re8 27.
Re4 Rxe4 28. Qxe4 Qe6 29. Qb1 d5 30. h3 g5 31. Qd3 c6 32. b3 axb3 33. axb3 g4
34. Qg3 f5 35. hxg4 fxg4 36. Qb8+ Kg7 37. Qc7+ Kg6 38. Qg3 Kg5 39. Qd3 Qe4 40.
Qg3 d4 41. cxd4 Qxd4 42. Kh2 Qf4 43. Qxf4+ Kxf4 44. b4 Kf5 45. Kg3 Kg5 46. Kf2
Kf4 47. g3+ Ke4 48. Ke2 Kd4 49. Kd2 Kc4 50. Ke3 Kxb4 51. Kf4 Kc3 52. Kxg4 b4 0-1

[Event "feripe"]
[Site "http://www.queenalice.com/game.php?id=241148"]
[Date "2007.7.17"]
[Round "3"]
[White "Mick_Gray"]
[Black "combat"]
[Result "1/2-1/2"]
[WhiteElo "1694"]
[BlackElo "1754"]

1. c4 c5 2. Nc3 Nf6 3. Nf3 d5 4. cxd5 Nxd5 5. e4 Nxc3 6. bxc3 Bg4 7. Be2 e6 8.
Ne5 Bxe2 9. Qxe2 Qc7 10. d4 cxd4 11. cxd4 Nc6 12. Nxc6 Qxc6 13. d5 Qc3+ 14. Qd2
Qxd2+ 15. Bxd2 exd5 16. exd5 O-O-O 17. Rc1+ Kb8 18. O-O Rxd5 19. Rfe1 Ba3 20.
Bf4+ Ka8 21. Rc4 Rhd8 22. g3 b5 23. Rc7 g5 24. Be3 a5 25. Rxf7 h5 26. Bb6 Rd1
27. Bxd8 Rxe1+ 28. Kg2 Re5 29. Bxa5 b4 30. Bd8 h4 31. gxh4 gxh4 32. Bxh4 Re2 33.
Rf3 Rxa2 34. Be7 Rb2 35. h4 Re2 36. Bf8 Re4 37. h5 Rg4+ 38. Kh3 Rg8 39. Be7 Rg7
40. Bf8 Rg8 41. h6 Rh8 42. Kh4 Bc1 43. Bxb4 Rxh6+ 44. Kg4 Rg6+ 45. Kf5 Rg5+ 46.
Ke6 Rb5 47. Bd6 Rb6 48. Kd5 Kb7 49. Rf7+ Ka6 50. f4 Rb5+ 51. Kc6 Rb6+ 52. Kc5
Ba3+ 53. Kd5 Rxd6+ 54. Ke5 Rd1 55. f5 Rf1 56. Ke6 Bb2 57. f6 Bxf6 58. Rxf6
1/2-1/2

[Event "Let's Play Chess!"]
[Site "http://www.queenalice.com/game.php?id=257546"]
[Date "2007.8.19"]
[Round "-"]
[White "combat"]
[Black "doran"]
[Result "0-1"]
[WhiteElo "1774"]
[BlackElo "1662"]

1. e4 g6 2. Bc4 Bg7 3. c3 c6 4. d4 d5 5. exd5 cxd5 6. Bb5+ Bd7 7. Qe2 Bxb5 8.
Qxb5+ Qd7 9. Qxd7+ Nxd7 10. Nf3 Ngf6 11. O-O O-O 12. h3 b5 13. b3 Rfc8 14. Bb2
Rc7 15. Nbd2 Ne4 16. Ba3 e6 17. Nxe4 dxe4 18. Nd2 f5 19. Rac1 Rac8 20. c4 bxc4
21. bxc4 Bxd4 22. Nb3 e5 0-1

[Event "noris game"]
[Site "http://www.queenalice.com/game.php?id=257927"]
[Date "2007.8.20"]
[Round "-"]
[White "combat"]
[Black "bigtrev"]
[Result "1-0"]
[WhiteElo "1750"]
[BlackElo "1508"]

1. e4 e5 2. Nf3 Nc6 3. Bb5 Nh6 4. Bxc6 bxc6 5. d4 exd4 6. Qxd4 c5 7. Qe5+ Qe7 8.
Bxh6 Qxe5 9. Nxe5 gxh6 10. c3 d6 11. Nc4 h5 12. Nbd2 Ba6 13. O-O-O Bh6 14. Na5
Rg8 15. g3 Bd3 16. f4 h4 17. e5 hxg3 18. hxg3 Rxg3 19. Rxh6 O-O-O 20. Nc6 Rdg8
21. Ne7+ Kd8 22. Nxg8 Rxg8 23. exd6 Be2 24. Re1 Bd3 25. Nf3 Rg3 26. dxc7+ Kxc7
27. Ne5 Bf5 28. Nxf7 Rg2 29. Ng5 Rc2+ 30. Kd1 Rxb2 31. Re7+ Kd8 32. Rxa7 Rb8 33.
Rd6+ Kc8 34. Rc6+ Kd8 35. Nf7+ Ke8 36. Nd6+ Kd8 37. Nxf5 1-0

[Event "Let's Play Chess!"]
[Site "http://www.queenalice.com/game.php?id=257928"]
[Date "2007.8.19"]
[Round "-"]
[White "chrisnorman"]
[Black "combat"]
[Result "1-0"]
[WhiteElo "1764"]
[BlackElo "1752"]

1. e4 e5 2. d4 d5 3. dxe5 dxe4 4. Qxd8+ Kxd8 5. Bg5+ Be7 6. Bxe7+ Nxe7 7. Nc3
Nec6 8. O-O-O+ Bd7 9. Bb5 Nxe5 10. h3 c6 11. Be2 Ke7 12. Nxe4 f5 13. Nc5 b6 14.
Nd3 Nxd3+ 15. Bxd3 Kf6 16. Nf3 Be8 17. Nd4 g6 18. Rhe1 Bf7 19. b3 b5 20. c4 a6
21. c5 Bd5 22. f3 Nd7 23. b4 a5 24. a3 axb4 25. axb4 Ne5 26. g4 Ra3 27. Bb1 Rha8
28. f4 Nf3 29. Nxf3 Rxf3 30. g5+ Kf7 31. Rf1 Raa3 32. Rxf3 Rxf3 33. Kb2 Rxf4 34.
Kc3 Rc4+ 35. Kd3 Rxb4 36. Bc2 Rh4 37. Ra1 Rxh3+ 38. Kd4 Rh4+ 39. Ke5 Rh2 40.
Ra7+ Ke8 41. Kf6 Rxc2 42. Rxh7 Rxc5 43. Kxg6 f4 44. Rh2 f3 45. Kf6 b4 46. g6 b3
47. g7 Rc2 48. Rh5 f2 49. Re5+ Kd8 50. Rxd5+ Kc7 51. Rf5 b2 52. g8=Q b1=Q 53.
Qg3+ Kb6 54. Qb8+ 1-0

[Event "Challenge"]
[Site "http://www.queenalice.com/game.php?id=278579"]
[Date "2007.9.29"]
[Round "-"]
[White "ilestlibremax"]
[Black "combat"]
[Result "1-0"]
[WhiteElo "1403"]
[BlackElo "1758"]

1. Nf3 d5 2. d4 g6 3. c4 c6 4. cxd5 cxd5 5. Nc3 Bg7 6. Bf4 Nf6 7. h3 O-O 8. e3
b6 9. Be2 Nbd7 10. O-O Bb7 11. Rc1 Rc8 12. Nb5 Ba6 13. Rxc8 Qxc8 14. Nxa7 Bxe2
15. Qxe2 Qb7 16. Nb5 Ne4 17. Nd2 Nxd2 18. Qxd2 e5 19. dxe5 Nxe5 20. b3 Nd7 21.
Rd1 Nf6 22. Nd6 Qe7 23. Nb5 Re8 24. Nc7 Ne4 25. Qxd5 Nc3 26. Qf3 Nxd1 27. Nxe8
Qxe8 28. Qxd1 Be5 29. Bxe5 Qxe5 30. Qd8+ Kg7 31. Qd4 Qxd4 32. exd4 Kf6 33. f3
Ke6 34. Kf2 Kd5 35. Ke3 b5 36. Kd3 b4 37. g4 h5 38. g5 h4 39. f4 1-0

[Event "Challenge"]
[Site "http://www.queenalice.com/game.php?id=280454"]
[Date "2007.10.2"]
[Round "-"]
[White "cope"]
[Black "combat"]
[Result "1/2-1/2"]
[WhiteElo "1761"]
[BlackElo "1728"]

1. d4 d5 2. Bf4 Nc6 3. Nc3 Nf6 4. Nb5 e5 5. dxe5 Nxe5 6. Bxe5 Bd6 7. Nf3 Bxe5 8.
Nxe5 Qe7 9. Nd3 c6 10. Nd4 O-O 11. e3 c5 12. Nf3 d4 13. Qd2 dxe3 14. Qxe3 Qxe3+
15. fxe3 Bg4 16. O-O-O Ne4 17. Rg1 Rad8 18. h3 Be6 19. a3 Ng3 20. Nf4 Bf5 21.
Bc4 Ne4 22. Rxd8 Rxd8 23. g4 Bc8 24. Rd1 Rxd1+ 25. Kxd1 Nf2+ 26. Ke2 Ne4 27. Ng5
Nxg5 28. Bd5 h6 29. Kf2 Ne6 30. Kf3 b6 31. Bxe6 Bxe6 32. Nxe6 fxe6 33. Kf4 Kf7
34. h4 g6 35. Ke5 Ke7 36. e4 a6 37. a4 b5 38. axb5 axb5 39. c3 c4 40. g5 h5 41.
Kd4 Kd6 42. Ke3 e5 43. Kd2 Kc5 44. Kc2 b4 45. Kd2 1/2-1/2

[Event "feripe"]
[Site "http://www.queenalice.com/game.php?id=282237"]
[Date "2007.10.6"]
[Round "4"]
[White "combat"]
[Black "JAVA"]
[Result "1/2-1/2"]
[WhiteElo "1727"]
[BlackElo "1662"]

1. e4 e5 2. Nf3 d6 3. d4 Bg4 4. dxe5 Bxf3 5. Qxf3 dxe5 6. Bc4 Nf6 7. O-O h6 8.
Nc3 Be7 9. Nd5 Nbd7 10. Be3 c6 11. Nxe7 Qxe7 12. Rad1 b5 13. Bb3 a5 14. a3 b4
15. Rd2 c5 16. Rfd1 Rd8 17. axb4 axb4 18. Qf5 g6 19. Qf3 h5 20. Bxc5 Qxc5 21.
Rxd7 Rxd7 22. Rxd7 Nxd7 23. Qxf7+ Kd8 24. Ba4 Qe7 25. Qd5 Rf8 26. f3 Rf7 27.
Qa8+ Kc7 28. Qc6+ Kb8 29. Qb5+ Nb6 30. Qxb6+ Qb7 31. Qd8+ Qc8 32. Qb6+ Rb7 33.
Qd6+ Ka7 34. Qxe5 Qc4 35. Qa5+ Qa6 36. Qc5+ Kb8 37. Qf8+ Ka7 38. b3 Qe2 39. Qc5+
Rb6 40. Qc7+ Ka6 41. Qc8+ Ka7 42. Qc7+ Rb7 43. Qc5+ Kb8 44. Qd6+ Rc7 45. Qxb4+
Kc8 46. Qf8+ Kb7 47. Qb4+ Ka6 48. Qd6+ Kb7 49. Qd5+ Kb8 50. Qd8+ 1/2-1/2

[Event "AUTO-ADV-488"]
[Site "http://www.queenalice.com/game.php?id=295190"]
[Date "2007.10.30"]
[Round "2"]
[White "Amadeus"]
[Black "combat"]
[Result "1-0"]
[WhiteElo "2424"]
[BlackElo "1729"]

1. e4 e5 2. Nf3 Nc6 3. Nc3 Nf6 4. d3 Bb4 5. a3 Ba5 6. b4 Bb6 7. Bg5 h6 8. Bxf6
Qxf6 9. Nd5 Qe6 10. c4 O-O 11. c5 Ne7 12. cxb6 Nxd5 13. exd5 Qxb6 14. Be2 Qd6
15. Qc2 Qf6 16. O-O d6 17. Qxc7 b6 18. Nd2 Bf5 19. Ne4 Bxe4 20. dxe4 Rfc8 21.
Qb7 Qf4 22. Bd3 g5 23. Qe7 h5 24. g3 Qf3 25. Ba6 Rd8 26. Qxg5+ Kh7 27. Rac1 Rg8
28. Qe3 Qg4 29. Rc7 Rg7 30. Rfc1 h4 31. Bc8 Qg5 32. Qxg5 Rxg5 33. Rxf7+ Kg6 34.
Rd7 hxg3 35. Rxd6+ Kh5 36. fxg3 1-0

[Event "AUTO-ADV-488"]
[Site "http://www.queenalice.com/game.php?id=295191"]
[Date "2007.10.30"]
[Round "2"]
[White "combat"]
[Black "Amadeus"]
[Result "0-1"]
[WhiteElo "1729"]
[BlackElo "2424"]

1. e4 e5 2. Nf3 Nc6 3. d4 exd4 4. Nxd4 Bc5 5. Be3 Qf6 6. c3 Nge7 7. Be2 O-O 8.
O-O d5 9. Nb5 Bxe3 10. fxe3 Qe5 11. exd5 Nxd5 12. Nd4 Nxe3 13. Nxc6 Qg5 0-1

[Event "cbaroni"]
[Site "http://www.queenalice.com/game.php?id=308095"]
[Date "2007.11.21"]
[Round "2"]
[White "combat"]
[Black "coffeesean"]
[Result "1-0"]
[WhiteElo "1724"]
[BlackElo "1541"]

1. e4 e5 2. Nf3 d6 3. d4 f5 4. dxe5 fxe4 5. Ng5 Nh6 6. Nxe4 d5 7. Qh5+ Nf7 8.
Ng3 g6 9. Qe2 Be6 10. Qb5+ c6 11. Qxb7 Nd7 12. Qxc6 Bf5 13. Nxf5 Nxe5 14. Qe6+
Be7 15. Nd6+ Kf8 16. Bh6# 1-0

[Event "cbaroni"]
[Site "http://www.queenalice.com/game.php?id=368914"]
[Date "2008.3.10"]
[Round "4"]
[White "combat"]
[Black "educapivara"]
[Result "0-1"]
[WhiteElo "1741"]
[BlackElo "2202"]

1. e4 Nf6 2. e5 Nd5 3. d4 d6 4. c4 Nb6 5. exd6 cxd6 6. Nc3 g6 7. Be3 Bg7 8. Rc1
O-O 9. Nf3 Bg4 10. b3 Nc6 11. Be2 d5 12. cxd5 Nxd5 13. Nxd5 Qxd5 14. O-O Rfd8
15. Bc4 Qf5 16. Nh4 Qh5 17. f3 Bc8 18. Bf2 Bxd4 19. Qe2 Qxh4 20. Bxd4 Nxd4 21.
Qb2 Nf5 22. Rfe1 Qd4+ 23. Qxd4 Rxd4 24. g4 Nh4 25. Rxe7 Nxf3+ 26. Kg2 Ng5 27. h3
Be6 28. Bxe6 Nxe6 29. Rf1 Rf8 30. Rxb7 Rd2+ 31. Rf2 Rxf2+ 32. Kxf2 Ra8 33. b4
Kg7 34. a4 Nd8 35. Rc7 a6 36. Ke3 Ne6 37. Rb7 h6 38. b5 axb5 39. axb5 Ra3+ 40.
Kf2 Rxh3 41. b6 Rb3 42. Rb8 Kf6 43. b7 Nc5 0-1

[Event "Challenge"]
[Site "http://www.queenalice.com/game.php?id=374347"]
[Date "2008.3.20"]
[Round "-"]
[White "iwanikow"]
[Black "combat"]
[Result "1-0"]
[WhiteElo "1752"]
[BlackElo "1737"]

1. e4 e5 2. c4 d5 3. cxd5 Bd6 4. Nf3 Nf6 5. d3 c6 6. Qa4 O-O 7. dxc6 Nxc6 8. Be2
Bd7 9. Qb3 b6 10. O-O Bg4 11. Nc3 Bxf3 12. Bxf3 Nd4 13. Qd1 Rc8 14. Bg5 Nxf3+
15. Qxf3 Be7 16. Bxf6 Bxf6 17. Nd5 Bg5 18. Rad1 b5 19. d4 exd4 20. Rxd4 Rc4 21.
Rfd1 Rxd4 22. Rxd4 Qa5 23. g3 Qxa2 24. h4 Qxb2 25. Rb4 Qc1+ 26. Kg2 Bd8 27. Rxb5
a5 28. e5 a4 29. Rb8 a3 30. Rxd8 Rxd8 31. e6 fxe6 32. Nf6+ gxf6 33. Qxf6 Qc6+
34. Kh3 Qe8 35. Qg5+ Kf7 36. Qh5+ Ke7 37. Qc5+ Kf7 38. Qxa3 Qd7 39. Qf3+ Ke7 40.
Qa3+ Ke8 41. Qc5 e5+ 42. Kh2 Qd4 43. Qb5+ Kf7 44. Qb7+ Rd7 45. Qf3+ Ke6 46. Qc6+
Rd6 47. Qe8+ Kd5 48. Qg8+ Ke4 49. Qxh7+ Kf3 50. Qf7+ 1-0

[Event "600"]
[Site "http://www.queenalice.com/game.php?id=406722"]
[Date "2008.5.24"]
[Round "-"]
[White "combat"]
[Black "phystutordotcom"]
[Result "0-1"]
[WhiteElo "1743"]
[BlackElo "2125"]

1. e4 g6 2. d4 Bg7 3. Nf3 d6 4. b3 c5 5. Bb2 Nc6 6. Bb5 Qa5+ 7. Nc3 Bd7 8. Bxc6
Bxc6 9. O-O e5 10. d5 Bd7 11. h3 f5 12. Ng5 h6 13. Ne6 Bxe6 14. dxe6 O-O-O 15.
Nd5 Re8 16. Bc3 Qd8 17. exf5 gxf5 18. Qh5 Ne7 19. Nxe7+ Qxe7 20. Qxf5 Qxe6 21.
Qxe6+ Rxe6 22. f4 Rg8 23. fxe5 Bxe5 24. Bxe5 Rxe5 25. Rf6 Re2 26. Rf2 Rge8 27.
g4 R8e3 28. Rh2 Rxh2 29. Kxh2 Re2+ 30. Kg3 Rxc2 31. h4 d5 32. g5 hxg5 33. hxg5
Kd7 34. Rf1 Re2 35. Rf2 Rxf2 36. Kxf2 Ke6 37. Ke3 Kf5 38. b4 b6 0-1

[Event "528"]
[Site "http://www.queenalice.com/game.php?id=406938"]
[Date "2008.5.24"]
[Round "-"]
[White "combat"]
[Black "phystutordotcom"]
[Result "0-1"]
[WhiteElo "1739"]
[BlackElo "2117"]

1. e4 g6 2. d4 Bg7 3. Nf3 d6 4. b3 c5 5. Bb2 Nc6 6. Bb5 Qa5+ 7. Nc3 Bd7 8. Bxc6
Bxc6 9. O-O e5 10. d5 Bd7 11. h3 f5 12. Ng5 Nf6 13. f3 h6 14. Ne6 Bxe6 15. dxe6
f4 16. Qxd6 Qb6 17. Rfd1 Qxd6 18. Rxd6 Ke7 19. Rad1 Rhd8 20. Rxd8 Rxd8 21. Rxd8
Kxd8 22. Nd5 Ne8 23. c4 Nc7 24. e7+ Kd7 25. Nxf4 exf4 26. Bxg7 Kxe7 27. Bxh6 Ne6
28. g4 g5 29. h4 gxh4 30. Kh2 Kf6 31. Kh3 Kg6 32. g5 Nxg5+ 33. Bxg5 Kxg5 34. e5
Kf5 35. Kxh4 Kxe5 36. Kg4 b6 37. a4 a6 38. Kg5 Kd4 39. Kxf4 Kc3 40. Ke5 Kxb3 41.
Kd5 Kxa4 42. f4 b5 43. cxb5 axb5 44. Kxc5 b4 45. f5 b3 46. f6 b2 47. f7 b1=Q 48.
Kd6 Qb4+ 49. Ke6 Qf8 50. Kf6 Kb5 0-1

[Event "AUTO-OPEN-1142"]
[Site "http://www.queenalice.com/game.php?id=407977"]
[Date "2008.5.25"]
[Round "1"]
[White "anceliogondim"]
[Black "combat"]
[Result "1-0"]
[WhiteElo "1862"]
[BlackElo "1722"]

1. e4 e5 2. Bc4 Bc5 3. Qh5 Qf6 4. Nf3 g6 5. Qxe5+ Qxe5 6. Nxe5 Nh6 7. d3 d6 8.
Nf3 Ng4 9. d4 Bb6 10. O-O O-O 11. h3 Nf6 12. c3 Nxe4 13. Bd5 Bf5 14. Bxb7 Nd7
15. Bxa8 Rxa8 16. Nbd2 Ndf6 17. Nxe4 Nxe4 18. Ng5 Kg7 19. Nxe4 Bxe4 20. Re1 d5
21. f3 Bf5 22. Bf4 c5 23. Be5+ f6 24. Bg3 c4 25. Re7+ Kh6 26. Rae1 g5 27. Re8
Rxe8 28. Rxe8 Bb1 29. a3 Bc2 30. Re7 Kg6 31. f4 1-0

[Event "AUTO-OPEN-1142"]
[Site "http://www.queenalice.com/game.php?id=407978"]
[Date "2008.5.25"]
[Round "1"]
[White "combat"]
[Black "anceliogondim"]
[Result "0-1"]
[WhiteElo "1712"]
[BlackElo "1872"]

1. e4 e5 2. Nf3 Nc6 3. d4 Nf6 4. dxe5 Ng4 5. Bc4 Ncxe5 6. Nxe5 Nxe5 7. Bb3 Qh4
8. O-O Bd6 9. Nd2 Ng4 10. h3 Ne5 11. Nf3 Qf6 12. Nxe5 Qxe5 13. f4 Qc5+ 14. Kh1
O-O 15. e5 Be7 16. Qd5 Qxd5 17. Bxd5 c6 18. Bb3 d6 19. exd6 Bxd6 20. Bd2 b5 21.
f5 Be5 22. g4 Bb7 23. g5 Kh8 24. Bf4 Bxb2 25. Rab1 Bc3 26. h4 Rad8 27. h5 c5+
28. Kh2 c4 29. Bxc4 a6 30. Bb3 a5 0-1

[Event "AUTO-OPEN-1142"]
[Site "http://www.queenalice.com/game.php?id=408025"]
[Date "2008.5.25"]
[Round "1"]
[White "combat"]
[Black "rfa615"]
[Result "0-1"]
[WhiteElo "1702"]
[BlackElo "1758"]

1. e4 c6 2. Nc3 d5 3. exd5 cxd5 4. d4 Nc6 5. Bf4 a6 6. h3 Nf6 7. Nf3 e6 8. Ne5
Bd6 9. Nxc6 bxc6 10. Qd2 O-O 11. Bd3 Re8 12. O-O e5 13. Bg5 e4 14. Be2 h6 15.
Be3 Nh7 16. f3 f5 17. fxe4 fxe4 18. Rf2 Be6 19. Raf1 Qh4 20. Bf4 Bxf4 21. Rxf4
Qg5 22. Qe1 Bxh3 0-1

[Event "AUTO-OPEN-1142"]
[Site "http://www.queenalice.com/game.php?id=408026"]
[Date "2008.5.25"]
[Round "1"]
[White "rfa615"]
[Black "combat"]
[Result "1-0"]
[WhiteElo "1772"]
[BlackElo "1688"]

1. e4 e5 2. Nf3 Nc6 3. d4 Qf6 4. c3 exd4 5. cxd4 Bb4+ 6. Nc3 h6 7. Be2 d6 8. O-O
Bg4 9. Nd5 Qd8 10. Nxb4 Nxb4 11. a3 Nc6 12. d5 Bxf3 13. Bxf3 Nge7 14. Qa4 Qd7
15. dxc6 Nxc6 16. Be3 Ne5 17. Qxd7+ Kxd7 18. Be2 h5 19. Rfd1 h4 20. f4 Ng6 21.
Bf3 f6 22. Rac1 Rae8 23. b4 1-0